banner-ar

العنف السياسى و الانقسام المجتمعى و التدخل الخارجى فى ليبيا / (Record no. 62704)

MARC details
000 -الفاتح
حقل البيانات ثابتة الطول 01121nam a22002657a 4500
005 - وقت وتاريخ اخر تعامل مع التسجيلة
رقم الضبط 20240530110603.0
008 - عناصر البيانات ثابتة الطول - معلومات عامة
حقل البيانات ثابتة الطول 161019s2015 ua g b 00| 0 ara d
017 ## - رقم الايداع القانونى
رقم الايداع القانونى 2015/3845
المصدر ( الهيئة المختصة) مصر. دار الكتب
020 ## - الرقم الدولى المعيارى للكتب
الرقم الدولى المعيارى للكتاب 9772763668455
040 ## - مصدر الفهرسة
وكالة الفهرسة الأصلية EG-CaGPL
وكالة النسخ EG-CaGPL
082 04 - رقم تصنيف ديوى العشرى
رقم الطبعة 21
رقم التصنيف 320.9612/
رقم المادة ج ع
100 0# - المدخل الرئيسى - إسم شخصى
الإسم الشخصى جهاد عودة
245 12 - بيان العنوان
العنوان العنف السياسى و الانقسام المجتمعى و التدخل الخارجى فى ليبيا /
بيان المسئوليه,etc جهاد عودة ، احمد على ابراهيم .
250 ## - بيان الطبعة
بيان الطبعة ط. 1
260 ## - PUBLICATION, DISTRIBUTION, ETC. (IMPRINT)
تاريخ النشر أو التوزيع 2015
300 ## - الوصف المادى
التعداد 180 ص. ؛
أبعاد الوعاء 24 سم .
490 0# - بيان السلسلة
عنوان السلسلة السياسة الدولية و الاستراتجية
504 ## - تبصرة ببليوجرافية
تبصرة ببليوجرافية,الخ يشتمل على ارجاعات بيليوجرافية
650 07 - المدخل الاضافى بالموضوع-مصطلح موضوعى
مصدر الرأس أو المصطلح qrmak
مصطلح موضوعي الاحوال السياسية .
651 04 - المدخل الاضافى بالموضوع - اسم جغرافى
الاسم الجغرافي لبيبا
التقسيم الفرعي العام العلوم السياسية
651 04 - المدخل الاضافى بالموضوع - اسم جغرافى
الاسم الجغرافي لبيبا
التقسيم الفرعي العام الاحوال السياسية
700 0# - المدخل الاضافى - اسم شخصى
الإسم الشخصى احمد على ابراهيم ،
الدور مؤلف مشارك
942 ## - عناصر المدخل الإضافي( كوها)
مصدر التصنيف او مخطط الترفيف Dewey Decimal Classification
Koha [default] item type كتاب
260 ## - PUBLICATION, DISTRIBUTION, ETC. (IMPRINT)
-- القاهرة :
-- المكتب العربى للمعارف ،
Holdings
حالة التراجع حالة الفقد حالة تلف ليس للاعارة المكان المؤقت الموقع الحالى موقع الترفيف تاريخ الاكتساب اجمالي اﻻعارات رقم الطلب الباركود تاريخ اخر مشاهدة تاريخ تفعيل السعر نوع وعاء كوها
        مكتبة القاهرة الكبرى مكتبة القاهرة الكبرى القاعة الرئيسية 10/19/2016   320.9612/ ج ع 162525 10/19/2016 10/19/2016 كتاب

Powered By

EGPV